| 000 | 00947nam a2200265Ia 4500 | ||
|---|---|---|---|
| 003 | OSt | ||
| 005 | 20221005104203.0 | ||
| 006 | a|||||r|||| 00| 0 | ||
| 007 | ta | ||
| 008 | 221004b |||||||| |||| 00| 0 hin d | ||
| 020 |
_a9788123762166 (pbk) _c185 |
||
| 024 | _a13653 | ||
| 037 |
_b837, 20/03/2014, H.K. Prakashan _cTextual |
||
| 040 |
_aCRL _cCRL _bhin |
||
| 041 |
_2hin _ahin |
||
| 082 | _aO152,3N483w,1, Q3 | ||
| 100 | _aमिथिलेश्वर | ||
| 245 | 0 | _aकहां तक कहें युगों की बात | |
| 246 | _aKahāan tak kahean yugoan kī bāta | ||
| 260 |
_aदिल्ली _bनेशनल बुक ट्रस्ट भारत _c2013 |
||
| 300 |
_a382पृ0 _ccm. |
||
| 650 | _aहिन्दी साहित्य | ||
| 942 |
_hO152,3N483w,1, Q3 _cTEXL _2cc |
||
| 999 |
_c1011978 _d1011978 |
||